00205nam a2200085Ia 450000100070000000500170000700800410002424500330006526000210009893507120250826215018.0250824s9999 xx 000 0 und d 0aKÜRŞADcORHAN YENİARAS bPANAMA YAYINLARI